00912nab a22001817a 4500003000400000005001700004008004100021040000700062100003200069245012900101260007300230300001300303500004400316505011800360505008900478650002300567773014000590OSt20251113131638.0190604e xxu||||| |||| 00| 0 spa d cPJ aMazzucco Cánepa, Martín10aRégimen de contrataciones de la Administración nacional. Comentario al decreto 1096/2024 /cMazzucco Cánepa, Martín. aCiudad Autónoma de Buenos Aires :bThomson Reuters La Ley, c2025. ap. 30-32 aCita Online: TR LALEY AR/DOC/775/2025.  tSumario: Sumario: I. Introducción.— II. El dec. 1086/2024.— III. Régimen vigente.— IV. Conclusión.  t¿Te interesa el texto completo? Solicitalo al correo: koha@justierradelfuego.gov.ar 0aDERECHO EN GENERAL0 02714dCiudad Autónoma de Buenos Aires : Thomson Reuters La Ley, 2014-tRevista anales de legislación argentina. Nº 7 - Julio 2025.